King of Swing (Record n. 100010)

Dettagli MARC
000 -LEADER
fixed length control field 02643njm a2200493Ia 4500
001 - CONTROL NUMBER
control field 36730
003 - CONTROL NUMBER IDENTIFIER
control field IT-RoPAU
005 - DATE AND TIME OF LATEST TRANSACTION
control field 20220918181124.0
008 - FIXED-LENGTH DATA ELEMENTS--GENERAL INFORMATION
fixed length control field 131025s9999 xx 000 0 und d
040 ## - CATALOGING SOURCE
Original cataloging agency IT-RoPAU
040 ## - CATALOGING SOURCE
Transcribing agency IT-RoPAU
999 ## - SYSTEM CONTROL NUMBERS (KOHA)
Koha Dewey Subclass [OBSOLETE] n.d.
100 ## - MAIN ENTRY--PERSONAL NAME
Personal name AA.VV.
9 (RLIN) 794
100 ## - MAIN ENTRY--PERSONAL NAME
Relator term Autore musica
9 (RLIN) 19332
100 ## - MAIN ENTRY--PERSONAL NAME
Miscellaneous information Codice autore musica SPICS: 12000
9 (RLIN) 796
245 ## - TITLE STATEMENT
Title King of Swing
250 ## - EDITION STATEMENT
Edition statement 2a ed.
260 ## - PUBLICATION, DISTRIBUTION, ETC. (IMPRINT)
Place of publication, distribution, etc. HOLLAND
260 ## - PUBLICATION, DISTRIBUTION, ETC. (IMPRINT)
Name of publisher, distributor, etc. PHILIPS
Date of publication, distribution, etc. 1968 [1a Ed.:1955 - Ed. Lingua Orig.: 1955]
300 ## - PHYSICAL DESCRIPTION
Extent DISCO
500 ## - GENERAL NOTE
General note Musica jazz
505 ## - FORMATTED CONTENTS NOTE
Formatted contents note After You've Gone - Body and Soul - Slipped Disc - Just One of Those Things - Oh, Lady Be Good - Rosetta - S.H.I.N.E - Memories of You - I've Found A New Baby
650 ## - SUBJECT ADDED ENTRY--TOPICAL TERM
Topical term or geographic name as entry element JAZZ [DISCHI]
Relator term Codice MATERIA SPICS: 9950
9 (RLIN) 19333
700 ## - ADDED ENTRY--PERSONAL NAME
Personal name Goodman Benny
Miscellaneous information Codice interprete SPICS: 10538
Relator term Interprete
9 (RLIN) 19334
700 ## - ADDED ENTRY--PERSONAL NAME
Personal name Layton T.
Miscellaneous information Codice autore musica SPICS: 16399
Relator term Autore musica
Name of part/section of a work After You've Gone
9 (RLIN) 19335
700 ## - ADDED ENTRY--PERSONAL NAME
Personal name Creamer H.
Miscellaneous information Codice autore SPICS: 16398
Relator term Autore
Name of part/section of a work After You've Gone
9 (RLIN) 19336
700 ## - ADDED ENTRY--PERSONAL NAME
Personal name Heyman Edward
Miscellaneous information Codice autore musica SPICS: 15566
Relator term Autore musica
Name of part/section of a work Body and Soul
9 (RLIN) 19337
700 ## - ADDED ENTRY--PERSONAL NAME
Personal name Sour R.
Miscellaneous information Codice autore SPICS: 20664
Relator term Autore
Name of part/section of a work Body and Soul
9 (RLIN) 19338
700 ## - ADDED ENTRY--PERSONAL NAME
Personal name Eyton F.
Miscellaneous information Codice autore testo/musica SPICS: 20329
Relator term Autore testo/musica
Name of part/section of a work Body and Soul
9 (RLIN) 19339
700 ## - ADDED ENTRY--PERSONAL NAME
Personal name Goodman Benny
Miscellaneous information Codice autore musica SPICS: 10538
Relator term Autore musica
Name of part/section of a work Slipped Disc
9 (RLIN) 19340
700 ## - ADDED ENTRY--PERSONAL NAME
Personal name Porter Cole
Miscellaneous information Codice autore musica SPICS: 13034
Relator term Autore musica
Name of part/section of a work Just One of Those Things
9 (RLIN) 19341
700 ## - ADDED ENTRY--PERSONAL NAME
Personal name Gershwin George
Miscellaneous information Codice autore musica SPICS: 10668
Relator term Autore musica
Name of part/section of a work Oh, Lady Be Good
9 (RLIN) 19342
700 ## - ADDED ENTRY--PERSONAL NAME
Personal name Gershwin Ira
Miscellaneous information Codice autore SPICS: 10501
Relator term Autore
Name of part/section of a work Oh, Lady Be Good
9 (RLIN) 19343
700 ## - ADDED ENTRY--PERSONAL NAME
Personal name Hines Earl
Miscellaneous information Codice autore musica SPICS: 16156
Relator term Autore musica
Name of part/section of a work Rosetta
9 (RLIN) 19344
700 ## - ADDED ENTRY--PERSONAL NAME
Personal name Woods H.W.
Miscellaneous information Codice autore SPICS: 16463
Relator term Autore
Name of part/section of a work Rosetta
9 (RLIN) 19345
700 ## - ADDED ENTRY--PERSONAL NAME
Personal name Dabney F.
Miscellaneous information Codice autore musica SPICS: 21466
Relator term Autore musica
Name of part/section of a work S-H-I-N-E
9 (RLIN) 19346
700 ## - ADDED ENTRY--PERSONAL NAME
Personal name Mack C.
Miscellaneous information Codice autore SPICS: 20198
Relator term Autore
Name of part/section of a work S-H-I-N-E
9 (RLIN) 19347
700 ## - ADDED ENTRY--PERSONAL NAME
Personal name Brown L.
Miscellaneous information Codice autore testo/musica SPICS: 21800
Relator term Autore testo/musica
Name of part/section of a work S-H-I-N-E
9 (RLIN) 19348
700 ## - ADDED ENTRY--PERSONAL NAME
Personal name Blake Eubie
Miscellaneous information Codice autore musica SPICS: 10551
Relator term Autore musica
Name of part/section of a work Memories of You
9 (RLIN) 19349
700 ## - ADDED ENTRY--PERSONAL NAME
Personal name Razaf Andy
Miscellaneous information Codice autore SPICS: 10573
Relator term Autore
Name of part/section of a work Memories of You
9 (RLIN) 19350
700 ## - ADDED ENTRY--PERSONAL NAME
Personal name Palmer
Miscellaneous information Codice autore musica SPICS: 20149
Relator term Autore musica
Name of part/section of a work I've Found A New Baby
9 (RLIN) 19351
700 ## - ADDED ENTRY--PERSONAL NAME
Personal name Williams Spencer
Miscellaneous information Codice autore SPICS: 10731
Relator term Autore
Name of part/section of a work I've Found A New Baby
9 (RLIN) 19352
942 ## - ADDED ENTRY ELEMENTS (KOHA)
Koha item type DISCHI
Source of classification or shelving scheme Dewey Decimal Classification
Dati di copia
Withdrawn status Lost status Damaged status Not for loan Home library Current library Date acquired Total Checkouts Full call number Date last seen Price effective from Koha item type Public note
    Buone Condizioni Not For Loan SPICS-MEDIATECA SPICS-MEDIATECA 25/10/2013   36730 25/10/2013 25/10/2013 DISCHI Progr. Ins.: 13018 / N.Vol.: 1 / Copie: 1 - Copia rara: n.d. / date import: 01.01.2014 - By Epidotti, Trombetti, Vaglietti
CREDITS: SOCIETA' SAN PAOLO Via A.Severo, 58 - ROMA (RM) & PERIODICI SAN PAOLO SRL Via Giotto, 36 MILANO & CISF Via Giotto, 36 MILANO & EDIZIONI SAN PAOLO SRL,  Piazza Soncino, 5 CINISELLO BALSAMO (MI) -- ITALY